00229nam a2200085 a 450000500170000000800410001705000220005824500330008026000300011320140414132059.0110805s19uu xx 00 eng d aTR 523.2bS1 2000 a3-D Thrillers! Solar System. aChina :bArcturus,c2000.